000 00720nas a2200241 4500
001 BR2012007870
003 BR-BrBNA
005 20231205121339.0
007 ta
008 230509b bl.|||p| |||| 00| 00por d
040 _aBR-BrBNA
_bpor
_cBiblioteca Nacional de Agricultura
041 _a(Pt)
072 _aF63
100 1 _aBrand, H.
245 1 _aO pólen coletado pelas abelhas sem ferrão (Anthophila, Meliponinae)
650 _aABELHA
650 _aAPIS MELLIFERA
650 _aPOLINIZAÇÃO
650 _aPÓLEN
773 0 _tActa Biológica Paranaense (Brazil)
_xISSN 0301-2123
_g(Jan-Dec 2011), v. 40(3-4) p. 129-133
_wBR2012007870
909 _a202311
_bLúcia
_c55
_dLúcia Elande
942 _2AGRIS
_n0
_cANA
999 _c223077
_d223077